| 000 | 00413 a2200181 4500 | ||
|---|---|---|---|
| 003 | Nust | ||
| 005 | 20170207154046.0 | ||
| 020 | _a0-415-00062-9 ; | ||
| 040 | _cNust | ||
| 082 | _a954.9104 | ||
| 082 | _a954.9104 | ||
| 100 | 1 | _aAshok Kapur | |
| 245 | 0 | 0 |
_aPakistan in crisis (E-Book) _cAshok Kapur |
| 260 |
_aLondon : _bRoutledge, _c1991 |
||
| 300 | _axi, 242 s. | ||
| 650 | 7 | _apolitical events | |
| 651 | _a(E-Book) | ||
| 942 |
_2ddc _cBK |
||
| 999 |
_c192863 _d192863 |
||